| 000 | 00308nam a2200109Ia 4500 | ||
|---|---|---|---|
| 008 | 230907s9999||||xx |||||||||||||| ||und|| | ||
| 082 | _a621.319,POW | ||
| 245 | 0 | _aPower grid operation in a market environment : | |
| 260 |
_aWiley; IEEE Press, _bNew Jersey : _c2017 |
||
| 300 | _axix, 260 pages : | ||
| 942 | _cBK | ||
| 999 |
_c598135 _d598135 |
||